000 03246cam a22011654i 4500
003 PE-LiUPU
005 20250813185535.0
008 150625s r 000 0 d
035 _a(Sirsi) a39090
040 _aPE-LiUPU
_bspa
_cPE-LiUPU
_erda
082 0 4 _a362.292083
_bV23
_221
100 1 _aVallejos, José,
_eautor.
245 1 0 _aPrograma de intervención preventiva del consumo de alcohol para población infantil /
_cJosé Vallejos.
264 1 _aLima :
_bDEVIDA,
_c2005.
300 _a128 páginas :
_bilustraciones ;
_c21 cm.
336 _atext
_2rdacontent
337 _aunmediated
_2rdamedia
338 _avolume
_2rdacarrier
505 0 _aAntecedentes. -Normatividad en la intervención de las drogas. -Principios rectores en la estrategia nacional de lucha contra las drogas 2002-2007. -Justificación de un programa de prevención del consumo de alcohol en menores. -Variables que condicionan el consumo de drogas. -Datos epidemiológicos del consumo de alcohol. -Marco teórico y conceptual. -Lineamientos para la intervención preventiva del consumo de alcohol en poblaciones de menores. -Programa preventivo. .
526 _aP202
526 _aP201
526 _aP163
526 _aP162
526 _aP161
526 _aP160
526 _aP148
526 _aP147
526 _aP146
526 _aP145
526 _aP144
526 _aP143
526 _aP142
526 _aP141
526 _aP140
526 _aP139
526 _aP138
526 _aP137
526 _aP136
526 _aP135
526 _aP134
526 _aP133
526 _aP129
526 _aP128
526 _aP127
526 _aP120
526 _aP119
526 _aP118
526 _aP116
526 _aP115
526 _aP114
526 _aP110
526 _aP109
526 _aP108
526 _aP104
526 _aP103
526 _aP102
526 _aP99
526 _aP98
526 _aP97
526 _aP96
526 _aP95
526 _aP93
526 _aP90
526 _aP89
526 _aP88
526 _aP83
526 _aP82
526 _aP62
526 _aP59
526 _aP58
526 _aP57
526 _aP51
526 _aP49
526 _aP48
526 _aP47
526 _aP29
526 _aP24
526 _aP20
526 _aP19
526 _aP17
526 _aP15
526 _aP14
526 _aP12
526 _aP10
526 _aP09
526 _aP08
526 _aP07
526 _aP06
526 _aP05
526 _aP04
526 _aP01
650 0 4 _aNiños
_xUso de alcohol
_zPerú
_vPrevención.
650 0 4 _aBebidas alcohólicas
_xConsumo
_zPerú
_vPrevención.
910 _bjv
_clch
_d20080829
942 _2ddc
_cBOOK
949 _a362.292083 V23
_wDEWEY
_c1
_i58542
_lCCODEBUL1
_mBUL
_p13.00
_r0
_sY
_tBOOK
_u2015-06-25
_xBIBLIOTECA
_zUNKNOWN
_0COMPRA
_o.STAFF. Colección General
596 _a1
999 _a362.292083 V23
_wDEWEY
_c47442
_i58542
_f2021-11-5
_g6
_lCCODEBUL1
_mBUL
_p13.00
_r0
_sY
_tBOOK
_u2015-6-25
_xBIBLIOTECA
_zUNKNOWN
_0COMPRA
_o.STAFF. Colección General
_d47442
980 _81
_gALBERTO SANCHEZ Responsable de Automatización